Science Quiz

Random Science or Animal Quiz

Animals That Start with 'C' Quiz Stats

Quiz Updated Nov 8, 2017

Challenge
Share
Tweet
Score 0/16 Timer 03:00
26 Plays Today
No. Animal % Correct
Crab
98.5%
Crocodile
98%
Cow
97.5%
Cheetah
94.6%
Chimpanzee
94.4%
Clown fish
91.4%
Coral
90.6%
Caterpillar
89.8%
No. Animal % Correct
Coyote
86.7%
Chameleon
84.3%
Cougar
80.9%
Catfish
80.2%
Crane
70.5%
Cockatiel
66%
Chinchilla
64.1%
Capybara
43.1%

You're not logged in!

Compare scores with friends on all Sporcle quizzes.
Sign Up with Email
OR
Log In

You Might Also Like...

Show Comments

Extras

Top Quizzes Today


Score Distribution

Your Account Isn't Verified!

In order to create a playlist on Sporcle, you need to verify the email address you used during registration. Go to your Sporcle Settings to finish the process.

Report this User

Report this user for behavior that violates our Community Guidelines.

Details: